000 00850nam a22002297a 4500
008 081204t xxu||||| |||| 00| 0 eng d
010 _aENG-92005
020 _c400.00
035 _aEN-75538
037 _bDBAD / VEN
040 _adpl
_bEnglish
082 _a808.6
245 _aLetters for all occasiions /
_ccompiled by S.K. Puri
260 _bSahni Publication
_aNew Delhi
_c2009
300 _a317p.
_c23cm (Hb)
650 _aLetter writing
650 _aEnglish language
_xRhetoric.
700 _aPuri, S.K.
942 _2ddc
_cEN
_mLET
_h808.6
999 _c19451
_d19451